00399nam a22001337a 4500003000400000008004100004082001800045100002100063245009400084260003200178300000900210502001500219650003100234OSt260423b |||||||| |||| 00| 0 eng d a634.421bP74E aPrasad, Birendra aEffect of Foliar Feeeding of Urea Zinc and Boron on Yield and Quality Attributes of Guava aPusa, SamastipurbRAUc1999 a72P. bMsc.d1999 aFruit and Fruit Technology